000 00658nam a22002177a 4500
005 20190708132840.0
008 190708b xxu||||| |||| 00| 0 eng d
020 _a9789386689320
_cRs.295.00
040 _aLoreto College
041 _aEnglish
082 _a351
_bCHA
100 _aChakrabarty,Bidyut
245 _aPublic administration
_bFrom government to governance
_cBidyut Chakrabarty and Prakash Chand
260 _aHyderabad
_bOrient Blackswan
_c2017
300 _aix,344p.
_b22cm
504 _aIncludes bibliographical references and index
650 _aPublic administration
700 _4Auth
_aChand,Prakash
850 _aLCLIB
942 _cBK
999 _c42210
_d92689